[Event "Treppenturnier 2023-2025"]
[Site "Turnierstufe"]
[Date "2025.01.12"]
[Round "55-1"]
[White "Reflection II max Almeria"]
[Black "Chess Genius Pro (2016)"]
[Result "1/2-1/2"]
[WhiteElo "2317"]
[BlackElo "2297"]
[PlyCount "115"]

1.e4 e6 2.d4 d5 3.Nc3 Bb4 4.exd5 exd5 5.Bd3 {Buchende.} 5...Ne7 {Buchende.} 
6.Ne2 Nbc6 {Wieder aus dem Buch:} 7.O-O {Erneut Buchende.} 7...O-O 8.Bg5 h6 
9.Bf4 Ba5 10.Qd2 Re8 11.a3 Bf5 12.Be3 Qd7 13.Ng3 Rad8 14.b4 Bb6 15.Na4 Bxd3 
16.Qxd3 Bxd4 $6 {Es wird taktisch. CGP will den Mehrbauern.} 17.Bxd4 Nxd4 
18.Qxd4 Qxa4 {(-0.92)} 19.Nh5 {(+0.18) Ein Bauer ist futsch, aber Almeria sieht
keinen Nachteil, denn ...} 19...Nf5 20.Qg4 g6 21.Nf6+ Kg7 22.Nxe8+ {... er
bekommt die Qualität.} 22...Rxe8 {(-0.67)} 23.Qf3 {(+0.27)} 23...Qc6 24.Qd3 Re4 
25.Rad1 Rd4 26.Qxf5 gxf5 27.Rxd4 Kf6 $10 {Beide sind sich mit der Analyse-Engine
einig: Stellung ausgeglichen.} 28.Rfd1 Qa4 29.R4d3 c6 30.Rb3 Qb5 31.Rd2 a5 
32.f4 axb4 33.axb4 Qc4 34.g3 b5 35.Kg2 Kg6 36.Kf2 f6 37.Kg2 Kh5 38.h3 Kg6 
39.Kf2 h5 40.h4 {(0.00)} 40...Kg7 {(0.00)} 41.Re2 Kf8 42.Rd2 Kg8 43.Re2 Kg7 
44.Rd2 Kf8 45.Re2 Kf7 46.Rd2 Kg6 47.Re2 Qd4+ 48.Kg2 Kh6 49.Kf1 Kg7 50.Ke1 Kf7 
51.Ree3 Qa1+ 52.Ke2 d4 53.Red3 Qg1 54.Rd2 Qh2+ 55.Ke1 Qg1+ 56.Ke2 Qh2+ 57.Ke1 
Qg1+ 58.Ke2 {Remis 3x.} 1/2-1/2

[Event "Treppenturnier 2023-2025"]
[Site "Turnierstufe"]
[Date "2025.01.13"]
[Round "55-2"]
[White "Chess Genius Pro (2016)"]
[Black "Reflection II max Almeria"]
[Result "1-0"]
[WhiteElo "2298"]
[BlackElo "2316"]
[PlyCount "185"]

1.e4 e5 2.Nf3 Nf6 3.Nxe5 d6 4.Nf3 Nxe4 {Buchende.} 5.Nc3 Nxc3 6.dxc3 Be7 7.Bf4 
O-O 8.Qd2 {Buchende.} 8...Nc6 9.Bc4 Be6 10.Bd5 Qd7 11.O-O-O Bxd5 12.Qxd5 Qe6 
13.h4 a5 14.Qxe6 fxe6 15.Be3 a4 {Beide greifen den gegnerischen König an, wie
bei entgegengesetzten Rochaden üblich.} 16.Ng5 Bxg5 17.hxg5 {Almeria achtet
etwas stärker auf seine Bauernstruktur.} 17...a3 18.b3 Ne7 19.f3 Ra5 20.c4 Re5 
{CGP denkt nun 13 Minuten nach und zieht:} 21.Kd2 {Der sTurm soll nicht auf die
2. Reihe kommen.} 21...b5 22.Rb1 {Und der sSpringer soll nicht nach d5} ( 
{z.B.} 22.cxb5 Nd5 23.Rde1 Nxe3 24.Rxe3 Rxg5 25.Re2 Rxb5 26.Rxe6 $10 {...} ) 
22...bxc4 23.bxc4 Nc6 24.Rb7 Rc8 25.Kd3 Ra5 26.Kc3 Nd8 27.Rb5 Ra4 28.Kb3 Rca8 
29.c3 Nc6 30.Rh5 R4a6 31.Rh4 e5 32.Kc2 Nd8 33.Rb1 Ne6 $10 34.Rbh1 Nf8 35.Rb1 
Rd8 36.Rh3 Ne6 37.Rbh1 Rb8 38.Bc1 Nf8 39.c5 Rc6 40.cxd6 cxd6 41.Rh4 Rbc8 42.Bd2 
Rb6 43.Bc1 {Sie schaukeln sich zum Remis...} 43...Ra6 44.Kb3 Rac6 45.Bd2 Rb6+ 
46.Kxa3 {... oder will CGP doch mehr?} 46...Ra8+ 47.Ra4 Rxa4+ 48.Kxa4 {Weiter
geht's.} 48...Rb2 49.Rd1 Rxa2+ 50.Kb3 Ra6 51.Bc1 Kf7 52.Ba3 Ke7 53.Rh1 Rb6+ 
54.Bb4 Ke6 55.Kc4 Rb7 56.Kd3 Rc7 57.Ke4 Rc6 58.g3 Rc7 59.Rh2 g6 {(0.00)} 60.Ke3 
{(+0.12)} 60...Rc8 61.Rh1 {Rest in je 1 Stunde.} 61...Rc6 62.Rh4 Kf5 63.f4 Rb6 
64.Rh2 Rc6 65.g4+ Kxg4 66.fxe5 Kxg5 $2 {Zu kurz gedacht, aber verständlich.} ( 
{Erst} 66...dxe5 67.Bxf8 Rxc3+ 68.Ke4 Kxg5 {... mit Aussicht auf Remis.} ) 
67.exd6 h5 68.Rg2+ Kh6 69.Kd4 {(+0.93)} 69...Rb6 {(-0.36)} 70.Bc5 Ra6 71.Kd5 g5 
72.c4 g4 {(-0.78)} 73.Be3+ {(+1.64)} 73...Kg6 74.c5 Ra5 75.Rf2 {(+2.40)} 
75...Nd7 {(-1.93)} 76.Ke6 Rxc5 77.Bxc5 Nxc5+ 78.Ke7 Ne4 79.d7 Nxf2 80.d8=Q g3 
81.Ke6 $1 Ng4 82.Qg8+ Kh6 83.Kf5 Ne3+ 84.Kf4 Ng4 85.Qg5+ Kh7 86.Qxh5+ Nh6 
{(Matt -7)} 87.Kg5 {Mattankündigung.} 87...Kg7 88.Qxh6+ Kf7 89.Qf6+ Ke8 90.Qd6 
Kf7 91.Qd7+ Kf8 92.Kf6 g2 93.Qc8# 1-0

[Event "Treppenturnier 2023-2025"]
[Site "Turnierstufe"]
[Date "2025.01.14"]
[Round "55-3"]
[White "Reflection II max Almeria"]
[Black "Chess Genius Pro (2016)"]
[Result "0-1"]
[WhiteElo "2305"]
[BlackElo "2309"]
[PlyCount "150"]

1.e4 c5 2.c3 d5 3.exd5 Qxd5 4.d4 e6 5.Nf3 Nf6 6.Na3 {Buchende.} 6...Nc6 
{Buchende.} 7.Bg5 Qe4+ 8.Be2 Nd5 9.Qc2 ( 9.O-O {ist besser als ein Damentausch.} 
) 9...Qxc2 10.Nxc2 f6 11.Be3 Bd6 12.O-O O-O 13.dxc5 Nxe3 14.Nxe3 Bxc5 15.Rad1 
e5 16.Bc4+ Kh8 17.Rd2 Rb8 18.Bb3 b6 19.Rfd1 e4 20.Nd4 Nxd4 21.cxd4 {Um diesen
Isolani dreht sich nun die weitere Partie.} 21...Bd6 22.Rc2 Rd8 23.g3 g6 24.Bd5 
f5 25.f3 exf3 {Immer noch sind die schwarzen Türme nicht verbunden, aber CGP hat
alles unter Kontrolle.} 26.Bxf3 f4 27.gxf4 Bxf4 28.Ng2 Bd6 29.Ne3 Kg7 30.Rc3 b5 
31.Ng4 Bb7 32.Rf1 b4 33.Re3 Bf8 $1 {(+0.53) Ein unscheinbarer aber starker Zug, 
jetzt kann Almeria den d-Bauern nicht mehr halten.} 34.Bxb7 {(-0.87)} 34...Rxb7 
35.Rh3 Rxd4 36.Nf6 h6 37.Ne8+ Kg8 38.Rg3 g5 39.Nf6+ Kh8 40.b3 Rf7 41.Rgf3 Bc5 
42.Kh1 Rd2 43.Ne4 Rxf3 44.Nxd2 Rxf1+ 45.Nxf1 {Das muss Schwarz nur noch
gewinnen.} 45...g4 46.Kg2 Kg7 47.Kg3 h5 48.Nd2 Bd6+ 49.Kg2 Bc7 50.Nc4 Kf6 
51.Ne3 Ke5 52.Nc2 Bd6 53.Ne3 Ke4 54.Nc4 Bc7 55.Nb2 h4 56.Nc4 h3+ 57.Kg1 Kd3 
58.a3 bxa3 59.Nxa3 a6 60.Nc4 Kc3 {Rest in je 1 Stunde.} 61.Kh1 a5 62.Na3 Kxb3 
63.Nb5 a4 64.Kg1 Kb4 65.Nxc7 a3 66.Nd5+ Kb3 67.Kf2 a2 68.Ne3 a1=Q 69.Nxg4 Qc3 
70.Ke2 Ka2 71.Kf2 Qd3 72.Ne5 Qd4+ 73.Kg3 Qxe5+ 74.Kxh3 Qg7 75.Kh4 Qg2 ( 
75...Qg2 76.Kh5 Kb3 77.Kh4 Kc4 78.h3 Kd5 79.Kh5 Ke5 80.Kh4 Kf5 81.Kh5 Qxh3# ) 0-1

[Event "Treppenturnier 2023-2025"]
[Site "Turnierstufe"]
[Date "2025.01.17"]
[Round "55-4"]
[White "Chess Genius Pro (2016)"]
[Black "Reflection II max Almeria"]
[Result "1-0"]
[WhiteElo "2319"]
[BlackElo "2295"]
[PlyCount "125"]

1.d4 d5 2.c4 dxc4 3.e4 e5 4.Nf3 exd4 5.Bxc4 Bb4+ {Buchende.} 6.Nbd2 Nc6 7.O-O 
Nf6 8.e5 {Buchende.} 8...Ng4 9.Bb5 Bd7 10.Nb3 O-O 11.a3 Be7 12.Re1 f6 $6 {Keine
gute Lockerungsübung.} 13.e6 $1 Be8 14.Bxc6 Bxc6 15.Nfxd4 Ne5 16.Nxc6 Nxc6 
17.Bf4 Bd6 18.Bxd6 cxd6 19.Qd5 Ne7 20.Qxb7 Rb8 21.Qf3 Qb6 22.Re3 Rfc8 23.Qh5 g6 
24.Qe2 Nf5 25.Rh3 d5 26.Re1 Re8 27.Rd3 Qd6 28.Nd4 Nxd4 29.Rxd4 Re7 30.Rd3 Rbe8 
31.Qd2 Rd8 32.Qa5 d4 33.g3 {CGP hat nun ein Luftloch und einen soliden
Mehrbauern...} 33...Rc8 34.Qd2 Rxe6 35.Rxe6 Qxe6 36.Rxd4 {... am Damenflügel.} 
36...Rc7 37.Rd8+ Kg7 38.b4 Re7 39.Qd5 Qxd5 40.Rxd5 f5 41.Kg2 Kf6 42.h4 Ke6 
43.Ra5 Kf6 44.Kf3 Rd7 45.a4 Rd3+ 46.Ke2 Rd7 47.Ke3 Re7+ 48.Kd4 Re4+ 49.Kd3 {CGP
macht einen kleinen Umweg.} ( 49.Kc5 {.} ) 49...Re7 50.Ra6+ Kf7 51.b5 Rd7+ 
52.Kc4 f4 {So oder so: Es ist vorbei.} 53.gxf4 Kg7 54.a5 Rf7 55.f5 $1 Kh6 56.b6 
axb6 57.axb6 Rf8 58.b7 Rb8 59.Rb6 Kg7 60.Kd5 gxf5 61.Kc6 Rf8 62.b8=Q Rxb8 
63.Rxb8 {Das kann Chess Genius Pro und Ende.} ( 63.Rxb8 Kh6 {Matt in 11.} 
64.Kd5 Kh5 65.Rg8 Kxh4 66.Ke5 Kh3 67.Kf4 h6 68.Rg6 h5 69.Kf3 h4 70.Rh6 Kh2 
71.Rxh4+ Kg1 72.Rh5 f4 73.Rh7 Kf1 74.Rh1# ) 1-0

[Event "Treppenturnier 2023-2025"]
[Site "Turnierstufe"]
[Date "2025.01.19"]
[Round "56-1"]
[White "Chess Genius Pro (2016)"]
[Black "Reflection II max Fidelity V4"]
[Result "0-1"]
[WhiteElo "2328"]
[BlackElo "2323"]
[PlyCount "130"]

1.d4 Nf6 {Buchende. Das ging aber schnell.} 2.g3 c5 3.d5 {Buchende.} 3...Qa5+ 
4.Nc3 e6 5.Bg2 exd5 6.Bxd5 Nxd5 7.Qxd5 Nc6 8.Nf3 Be7 9.Bf4 Nb4 $6 {zu früh.} ( 
9...O-O ) ( 9...d6 ) 10.Qd2 f6 $6 {Der nächste fragwürdige Zug. Oder ist das
eine Provokation? Jedenfalls wird's taktisch.} ( {Wieder einfach} 10...O-O 
{oder} ) ( 10...d6 ) 11.Nd5 $2 {Was soll das denn? Horizont?} ( {Einfach} 
11.O-O ) 11...Nxc2+ 12.Kd1 {Jetzt sieht er weiter (-0.62).} 12...Qxd2+ 13.Kxd2 
Nxa1 {V4 sagt auch nur (+0.10)} 14.Nc7+ Kd8 15.Nxa8 d6 16.Rxa1 b6 ( {Besser:} 
16...g5 17.Be3 Be6 18.b4 Kd7 19.Rc1 b6 {...} ) 17.Rd1 Kd7 18.Kc3 Bb7 19.Nh4 g6 
20.Nxb6+ axb6 21.Bh6 f5 {Materiell ist es ausgegilchen, aber Schwarz ist klar
aktiver und hat das Läuferpaar.} 22.Kb3 Ke6 23.a3 g5 24.Nf3 Rg8 25.h4 Bxf3 
26.exf3 gxh4 27.Bf4 b5 28.Kc2 Kd7 29.Rd5 hxg3 30.fxg3 {Ein Bauer ist futsch...} 
30...Ke6 31.Rd1 h5 {... und Fidelity ist weiter am Drücker.} 32.Re1+ Kd7 33.Rd1 
Kc6 34.Rd2 Rg7 35.b3 Rh7 36.Re2 h4 {(+1.62)} 37.gxh4 {(-1.53)} 37...Rxh4 38.Bd2 
Bf6 39.Rg2 Be5 40.Re2 Rh3 41.f4 Bd4 42.Re6 Rh2 43.Kd1 Kd5 44.Rg6 Ke4 45.a4 c4 
{(+2.84)} 46.bxc4 {(-3.12)} 46...bxa4 47.Rg3 Bc5 48.Bc1 Bb4 49.Re3+ Kd4 50.Rf3 
Kxc4 51.Rg3 Bc3 ( 51...Bc3 {HIARCS 15.3.1 sieht bereits ein Matt in 15:} 52.Ba3 
d5 53.Rg8 d4 54.Be7 a3 55.Bxa3 d3 56.Rg1 Rd2+ 57.Ke1 Rg2+ 58.Kf1 Rxg1+ 59.Kxg1 
d2 60.Kg2 d1=Q 61.Be7 Qg4+ 62.Kh2 Bd4 63.Ba3 Qg1+ 64.Kh3 Bf2 65.Bd6 Qg3# ) 
52.Rg8 Kb3 53.Rg1 d5 54.Rf1 d4 55.Rf3 Rh1+ 56.Ke2 Rxc1 57.Rg3 Kc2 58.Kf2 Be1+ 
59.Kg2 {und sieht das Matt in 7 gegen sich.} 59...Bxg3 60.Kxg3 d3 
{Mattankündigung.} 61.Kf3 d2 62.Kf2 d1=Q 63.Kg3 Qg1+ 64.Kf3 Rf1+ 65.Ke2 Qf2# 0-1

[Event "Treppenturnier 2023-2025"]
[Site "Turnierstufe"]
[Date "2025.01.22"]
[Round "56-2"]
[White "Reflection II max Fidelity V4"]
[Black "Chess Genius Pro (2016)"]
[Result "0-1"]
[WhiteElo "2333"]
[BlackElo "2318"]
[PlyCount "176"]

1.e4 c6 2.d4 d5 3.Nc3 dxe4 4.Nxe4 Nd7 5.Bc4 {Buchende.} 5...Ndf6 6.Nxf6+ Nxf6 
7.Nf3 Bf5 8.O-O e6 9.Re1 Be7 {Buchende.} 10.c3 Nd5 11.Bd3 Bxd3 12.Qxd3 O-O 
13.c4 Nf6 14.Re2 Qb6 15.Bf4 Rad8 16.Qc2 Rd7 17.Rae1 Qa5 18.a3 Rfd8 19.h3 Qh5 
20.b4 a6 21.Re3 Ne8 {Macht Platz für den Läufer.} 22.Re5 Qg6 $10 {Weiß hat etwas
mehr Raum, aber die Stellung ist gleichwertig.} 23.Qxg6 hxg6 24.R5e3 Bf6 25.Be5 
Nd6 26.c5 {Der d-Bauer ist nun rückständig ...} 26...Nf5 27.Re4 Rd5 28.g4 {...
und der Fidelity wird zu Lockerungsübungen gezwungen.} 28...Nh4 29.Nxh4 Bxh4 
30.R1e2 Bf6 31.Kh2 Kf8 32.Bc7 R8d7 33.Be5 Bxe5+ 34.dxe5 g5 $15 {Die offene
d-Linie ist in schwarzer Hand und der g5-Bauer ist äusserst lästig für Weiss.} 
35.Kg2 Ke7 36.f3 Rd3 37.R2e3 Rd1 38.Re1 Rxe1 39.Rxe1 Rd3 40.a4 Ra3 $17 
{Moderater Vorteil für CGP.} 41.a5 Rb3 42.Re4 f6 43.exf6+ gxf6 44.Kg3 $2 {Ein
schlechter Zug, aber für den Fidelity-Oldie nicht zu erkennen. Nun gehen V4 die
guten Züge aus und Schwarz kann über d5 in die gegnerische Stellung eindringen.} 
( 44.f4 $1 {und alles ist im Lot.} ) 44...e5 45.Kf2 Ke6 46.Rc4 Kd5 47.Re4 Rd3 
{(+2.43)} 48.Kg3 {(-1.86)} 48...Rd4 49.Re2 Rxb4 {Weiss kann aufgeben.} 50.h4 
gxh4+ 51.Kxh4 Ra4 52.Kh5 Rxa5 53.Rd2+ Kxc5 {CGP macht's nochmal spannend.} 
54.Kg6 Ra4 $2 {Jetzt kann V4 ums Remis kämpfen.} ( 54...b5 {oder} ) ( 54...Ra3 
) 55.Kxf6 Rf4+ 56.Kxe5 Rxf3 57.g5 $2 ( 57.Rc2+ Kb5 58.Rb2+ Kc4 59.Rxb7 {... und
Weiß hat ein Remis.} ) 57...Rg3 58.Kf6 b5 59.g6 b4 60.Rh2 a5 {Rest in je 1
Stunde. Ohne Kommentar.} ( {Das sieht er nicht:} 60...b3 $1 61.g7 Rxg7 $1 
62.Kxg7 a5 63.Rh5+ Kb4 64.Re5 a4 {...} ) 61.g7 b3 62.Rh8 a4 63.g8=Q {(-0.51)} 
63...Rxg8 {(+6.17)} 64.Rxg8 {(-4.98)} 64...a3 65.Ke6 a2 66.Ra8 b2 67.Rxa2 b1=Q 
68.Ra8 Qe4+ 69.Kf6 Kd5 70.Rd8+ Kc4 71.Ra8 Qd5 72.Ra4+ Kb3 73.Ra6 Qf3+ 74.Kg7 c5 
75.Rb6+ Kc3 76.Kg6 c4 77.Ra6 Kc2 78.Kg5 c3 79.Ra4 {(-9.99)} 79...Kb3 80.Rf4 Qe2 
81.Rf8 Qe7+ 82.Rf6 c2 83.Kf5 c1=Q {Mattankündigung.} 84.Rb6+ Ka4 85.Ra6+ Kb5 
86.Rf6 Qf1+ 87.Kg4 Qexf6 88.Kh5 Qh3# 0-1

[Event "Treppenturnier 2023-2025"]
[Site "Turnierstufe"]
[Date "2025.01.26"]
[Round "56-3"]
[White "Chess Genius Pro (2016)"]
[Black "Reflection II max Fidelity V4"]
[Result "0-1"]
[WhiteElo "2328"]
[BlackElo "2323"]
[PlyCount "131"]

1.d4 Nf6 2.c4 e6 3.Nc3 Bb4 4.f3 c5 ( {Häufiger gespielt wird:} 4...d5 5.a3 
Bxc3+ 6.bxc3 c5 7.cxd5 Nxd5 8.dxc5 {...} ) 5.d5 Nh5 {Buchende. Die seltene
(Hans) Kmoch-Variante.} 6.Nh3 Qh4+ 7.Nf2 {Buchende.} 7...Qxc4 8.dxe6 ( {Die
Theorie sagt:} 8.e4 Bxc3+ 9.bxc3 Qxc3+ 10.Bd2 Qd4 11.Qc1 exd5 12.Bc3 Qa4 13.Qg5 
d6 14.Qxh5 d4 15.Bd2 O-O 16.Be2 Nc6 17.O-O Be6 {... Freibauern gegen Mehrfigur.} 
) 8...Qxe6 9.e4 Nf6 10.Nd3 Bxc3+ 11.bxc3 b6 12.Bb2 O-O 13.Nf4 Qe5 14.Qd2 Nc6 
15.c4 Qg5 16.O-O-O Ne8 17.h4 Qe7 18.Nd5 Qe6 19.Nf4 Qh6 20.g4 f6 21.Be2 Rf7 
22.g5 fxg5 23.Nh3 gxh4 24.Qxh6 gxh6 {Die schwarze Position ist typisch Fidelity,
oder? Und der Dreifachbauer ist kaum etwas wert - eher sind's Zielscheiben.} 
25.Nf2 d6 26.Rxh4 {... nur noch Doppelbauer...} 26...Ne5 27.Bxe5 dxe5 28.Nd3 
Re7 29.Rxh6 {... da war's nur noch einer.} 29...Ba6 30.Nxc5 bxc5 31.Rxa6 $10 
{Gleichwertige Stellung.} 31...Nc7 32.Rg1+ Kh8 33.Rc6 Ne6 34.Kd2 Rae8 35.Ke3 
Rb7 36.Rd1 Rb2 37.Rd2 Rxd2 38.Kxd2 Kg8 39.Ke3 Kf7 40.Bf1 Rb8 41.Bh3 Nf4 42.Rxc5 
Kf6 ( {V4 traut sich nicht} 42...Nxh3 {zu spielen. Danach z.B.} 43.Rxe5 Kg6 
44.c5 Rb2 45.Rd5 Rxa2 46.c6 {...} ) 43.Rc8 Rb2 44.Bf1 Rxa2 45.Rc6+ Kg5 46.Rc7 ( 
{Besser:} 46.Rc5 ) ( {oder} 46.c5 ) 46...h5 47.Rg7+ $6 {Ein sinnloses
Schachgebot.} 47...Kf6 48.Rh7 a5 {(+0.87) Der Links- und Rechtsaußen nehmen
Weiss in die Flügelzange.} 49.Ra7 $2 {(-0.50) In diesem Fall gehört der Turm
nicht hinter den Freibauern, denn da ist noch ein zweiter auf der anderen Seite.
Es sieht jedoch ohnehin schlecht aus für Weiss.} 49...h4 50.Ra6+ Kg5 51.Ra8 h3 
52.Rg8+ Kf6 53.Rg1 {(-4.18)} 53...h2 {(+4.64)} 54.Rh1 Nh5 55.Bd3 Ng3 56.Rxh2 
Rxh2 57.c5 Nh5 58.c6 Ke6 59.Bb5 Nf4 60.c7 Rc2 {Rest in je 1 Stunde. Weiss sollte
aufgeben.} 61.c8=Q+ Rxc8 {Hiarcs 15.3.1: Matt in 16.} 62.Kd2 Kf6 63.Ba4 Rd8+ 
64.Ke1 Rd4 65.Bb3 a4 66.Bc2 {(-10.60) ... und Schluss.} 0-1

[Event "Treppenturnier 2023-2025"]
[Site "Turnierstufe"]
[Date "2025.01.29"]
[Round "56-4"]
[White "Reflection II max Fidelity V4"]
[Black "Chess Genius Pro (2016)"]
[Result "1-0"]
[WhiteElo "2333"]
[BlackElo "2318"]
[PlyCount "145"]

1.c4 Nf6 2.Nc3 g6 3.g3 Bg7 4.Bg2 {Buchende.} 4...d6 5.d4 {Wieder aus dem Buch:} 
5...O-O 6.Nf3 e5 7.O-O Nc6 8.h3 {Erneut Buchende.} 8...Nd7 {Buchende.} 9.Bg5 
Bf6 10.Bxf6 Nxf6 11.Qd2 Qe7 12.Nd5 Nxd5 13.cxd5 Nxd4 14.Nxd4 exd4 15.Rac1 Re8 
16.Qxd4 b6 {Sorgenkind c7.} 17.e4 Ba6 18.Rfe1 Bb7 19.Rc4 Ba6 20.Rc3 Bb5 21.a4 
Ba6 22.Rec1 Rac8 {Nach 13 Minuten gespielt.} 23.Bf3 ( 23.h4 {und z.B.} 23...h5 
24.Bh3 Rcd8 25.f3 {... und nun folgt in jedem Fall Materialverlust für Schwarz.} 
) 23...Qd7 24.Kh2 Bb7 25.Bg4 f5 26.exf5 gxf5 27.Bf3 Re5 28.Qd2 Qg7 29.Bg2 Re7 
30.b4 Rf8 31.Re1 Rxe1 32.Qxe1 Rf7 33.Re3 Kh8 $6 {(-1.03) Fragwürdig, aber es
gibt kaum Besseres,} ( 33...Qg6 {ist eine Alternative. In jedem Fall muss CGP
nun Tribut zollen.} ) 34.Re8+ {(+1.10)} 34...Rf8 35.Qe6 Rxe8 36.Qxe8+ Qg8 
37.Qe7 Qc8 38.Qf7 Ba6 39.b5 Bb7 40.Bf1 ( {Druck mit dem h-Bauern ist eiene
Idee:} 40.h4 Qd8 41.h5 h6 42.Qxf5 {...} ) 40...Qg8 41.Qf6+ Qg7 42.Qxf5 Qg6 
43.Qf4 {Der Damentausch ist der sichere und einfachere Weg zum Sieg.} 43...Kg7 
44.Bg2 h6 45.Qc4 Qf7 46.Kg1 Kg8 47.Qg4+ Kf8 48.Qd4 Kg8 49.Qh4 Qf8 50.Qg4+ Qg7 
51.Qe6+ Kf8 52.Bf3 $1 Qg5 53.h4 Qe5 54.Qxh6+ Kg8 55.Qg6+ Kf8 56.Qg4 Qc3 57.Qf5+ 
Kg8 58.Qg5+ Qg7 59.Qd8+ Qf8 60.Qxc7 Qxf3 {Rest in je 1 Stunde.} 61.Qb8+ Kg7 
62.Qxb7+ Kf6 63.Qxa7 Qd1+ 64.Kg2 Qxd5+ 65.f3 Qa2+ 66.Kh3 Qe6+ 67.g4 Qd5 68.Qxb6 
$2 {Nun kann CGP doch noch ein Remis schaffen.} ( 68.g5+ $1 Ke6 69.Kg2 Qd2+ 
70.Kg3 Qd4 71.Qb7 Qg1+ 72.Kh3 Qf1+ 73.Kg4 Qg1+ 74.Kh5 {...} ) 68...Qxf3+ 69.Kh2 
Qf4+ 70.Kg2 Qxg4+ 71.Kf1 Qc4+ 72.Ke1 Qxh4+ $4 {Tritt doch noch ins Fettnäpfchen
...} 73.Qf2+ {...und Ende Gelände!} ( 73.Qf2+ Qxf2+ {Und Matt in spätestens 16
Zügen.} 74.Kxf2 Ke6 75.a5 {(+8.65)} 75...Kd7 {(-10.34)} 76.a6 Kc7 77.a7 Kb7 
78.b6 d5 79.Ke3 Ka8 80.Kd4 Kb7 81.Kxd5 Ka8 82.Kc5 Kb7 83.a8=Q+ Kxa8 84.Kc6 Kb8 
85.b7 Ka7 86.Kc7 Ka6 87.b8=Q Ka5 88.Qb3 Ka6 89.Qb6# ) 1-0

[Event "Treppenturnier 2023-2025"]
[Site "Turnierstufe"]
[Date "2025.02.05"]
[Round "57-1"]
[White "Reflection II max Fidelity V4"]
[Black "Reflection II max London 3MB"]
[Result "0-1"]
[WhiteElo "2343"]
[BlackElo "2400"]
[PlyCount "194"]

1.e4 c6 2.d4 d5 3.Nc3 dxe4 4.Nxe4 Bf5 5.Ng3 Bg6 6.N1e2 e6 7.Nf4 Bd6 8.Nxg6 hxg6 
9.Ne4 Be7 10.g3 Nf6 11.Bg2 {Buchende.} 11...Nbd7 {Buchende.} 12.Nxf6+ Nxf6 
13.Qd3 Qb6 14.Qb3 Qxb3 15.axb3 a6 16.c3 Rd8 17.O-O Kf8 $14 {Weiß hat das
Läuferpaar und leichten Stellungsvorteil.} ( {Wenn schon ein Königszug, dann
doch eher} 17...Kd7 ) 18.Bf3 Rd7 19.Ra5 Bd8 20.Ra4 Rh3 21.Bf4 Nd5 22.Bd2 Be7 
23.Ra5 Bd8 24.Raa1 Be7 25.Rfd1 Rd8 26.Re1 Rd7 27.Ra5 $10 {V4 kommt nicht
voran...} 27...Bd8 28.Ra4 Bb6 29.b4 Bd8 30.Bg4 Rh7 31.Raa1 {... Züge wiederholen
sich.} 31...Bc7 32.Bg5 Bd8 33.Bc1 Be7 34.Re5 Bd6 35.Re2 Be7 36.Bd2 Nb6 37.b3 
{Es bewegt sich doch noch was...} 37...Nd5 38.Rae1 Rh8 39.Kh1 {... oder nicht?} 
39...Bd6 40.Bf3 Rd8 41.Be4 Nf6 42.Bd3 e5 {Avanti. Es passiert was.} 43.dxe5 
Bxe5 44.Rxe5 Rxd3 45.R5e2 Kg8 46.Ra1 Ng4 47.h4 Rh5 48.Ra5 f6 49.Kg2 Kf7 50.Kh3 
Re5 51.Raxe5 Nxe5 52.Kg2 Kf8 53.f4 $6 Ng4 54.Kh3 $6 {Zwei ungenaue Züge
hintereinander dürften Weiß einen Bauern kosten.} 54...f5 55.Kg2 Nf6 56.Be1 Ne4 
{(+0.69) Der wLäufer muss auf zwei Hochzeiten tanzen, was ihn überfordert.} 
57.Rc2 {(-0.84)} 57...Ke7 58.Rc1 Re3 59.Kh3 Kd6 60.Kg2 Kc7 $17 {Rest in je 1
Stunde.} 61.Kh2 Re2+ 62.Kg1 Rb2 63.Kf1 Rxb3 64.Ke2 c5 65.g4 {V4 steht mit dem
Rücken zur Wand.} 65...fxg4 66.Kd3 Nd6 67.bxc5 Nf5 68.Bd2 Rb2 69.Re1 g3 70.c4 
g2 71.Ba5+ Kd7 72.Rg1 Ra2 73.Bc3 Nxh4 74.Rd1 Kc6 75.Bd4 Nf3 76.Bg1 Nxg1 77.Rxg1 
Kxc5 78.Re1 Ra5 79.Ke3 Kxc4 80.Kf2 Ra2+ 81.Kg1 b5 82.Re4+ Kd3 83.Re6 b4 84.Rb6 
a5 85.Kh2 Ke3 86.Rc6 Kf2 87.Rc1 b3 88.Rg1 Rc2 89.f5 Kf3 90.Rd1 b2 91.Rd3+ 
{(-M8)} 91...Ke2 {(MAT7)} 92.Rb3 Kf2 93.Rg3 b1=Q 94.Rxg2+ Kf3 95.Rxc2 Qxc2+ 
96.Kh3 g5 97.f6 Qh7# 0-1

[Event "Treppenturnier 2023-2025"]
[Site "Turnierstufe"]
[Date "2025.02.08"]
[Round "57-2"]
[White "Reflection II max London 3MB"]
[Black "Reflection II max Fidelity V4"]
[Result "1/2-1/2"]
[WhiteElo "2408"]
[BlackElo "2335"]
[PlyCount "126"]

1.e4 c5 2.c3 d5 3.exd5 Qxd5 4.d4 e6 5.Nf3 Nf6 6.Na3 Qd8 {Buchende.} 7.Bd3 cxd4 
8.cxd4 {Buchende.} 8...Bxa3 9.bxa3 Qa5+ 10.Bd2 Qxa3 11.Qc1 $6 {Keine gute Idee,
die Damen zu tauschen.} 11...Qxc1+ 12.Rxc1 O-O 13.O-O Rd8 14.Bg5 Nc6 15.Rc4 h6 
16.Bxf6 gxf6 17.Be4 Bd7 18.d5 exd5 19.Bxd5 Be6 20.Bxe6 fxe6 21.Rf4 Kg7 22.Rg4+ 
Kh7 23.Rf4 f5 24.h3 Rd6 25.Rb1 Rd7 26.Re1 Re7 27.Ne5 Nxe5 28.Rxe5 Rae8 {Weiß hat
die Initiative, der schwarze Mehrbauer fällt kaum ins Gewicht.} 29.g4 fxg4 
30.hxg4 Rd8 31.Rfe4 Rd6 32.a4 Rg7 33.f3 Rg6 34.Kf2 Rf6 35.Ra5 a6 36.Rh5 b6 
37.g5 Rg6 38.Reh4 e5 39.Ke3 Rc6 40.gxh6 Rc3+ 41.Ke2 Rc2+ 42.Kd3 {(0.00)} 
42...Rgc6 {(0.05)} 43.Ke4 R2c3 44.Rg4 Ra3 45.Kd5 Rc5+ 46.Ke6 Rxf3 47.Rg7+ Kh8 
48.Rxe5 Rc6+ 49.Kd5 Rc5+ 50.Ke6 Rh3 51.Rxc5 bxc5 52.Rg4 Rxh6+ 53.Kd5 Rh5+ 
54.Kc6 Re5 55.Kb6 Rd5 56.Rg6 c4 57.Rc6 a5 58.Rxc4 Kg7 59.Rf4 Re5 60.Rf1 Rd5 
{Rest in je 1 Stunde.} 61.Rf2 Re5 62.Rf3 Rd5 63.Rf1 Rg5 {Remis gegeben.} ( 
63...Rg5 {Denn auch} 64.Rb1 {bringt nichts, wegen:} 64...Kf6 65.Rb5 Rxb5+ 
66.Kxb5 Ke7 67.Kxa5 Kd7 68.Kb6 Kc8 69.Ka7 Kc7 70.a5 Kc8 71.a6 Kc7 72.Ka8 Kb6 
73.a7 Kc7 {patt.} ) 1/2-1/2

[Event "Treppenturnier 2023-2025"]
[Site "Turnierstufe"]
[Date "2025.02.10"]
[Round "57-3"]
[White "Reflection II max Fidelity V4"]
[Black "Reflection II max London 3MB"]
[Result "0-1"]
[WhiteElo "2337"]
[BlackElo "2406"]
[PlyCount "120"]

1.e4 e5 2.Nf3 Nc6 3.Bb5 a6 4.Ba4 Nf6 5.d4 exd4 6.O-O Be7 7.Re1 b5 8.e5 Nxe5 
9.Rxe5 d6 10.Re1 bxa4 11.Nxd4 Bd7 12.Qf3 O-O 13.Nc6 Bxc6 14.Qxc6 {Buchende.} 
14...d5 {Buchende.} 15.Qxa4 Bc5 16.Bg5 $6 ( 16.Nc3 {.} ) 16...Qd6 ( 16...Rb8 
{ist stärker.} ) 17.Nd2 $6 {V4 verliert nun Material. Schwarz attackiert auf
beiden Brettseiten.} ( 17.Nc3 {ist das kleinere Übel.} ) 17...Rab8 18.Nb3 Rb4 
19.Qa3 Rxb3 $1 {(+1.03)} 20.Qxb3 {(-0.88)} 20...Ng4 {... und der Läufer schaut
ins Leere.} 21.g3 Bxf2+ 22.Kg2 Bxe1 23.Rxe1 f6 24.Bf4 Qc5 25.Re2 Ne5 26.Be3 Qb5 
27.Qxb5 axb5 28.c3 Ra8 29.a3 Kf7 30.Bc5 Re8 31.b3 Ra8 32.h3 h5 33.Kf1 Ra6 
34.Rd2 c6 35.Bb4 $6 ( 35.Ra2 ) 35...Nd7 $1 36.c4 bxc4 37.bxc4 c5 38.Rxd5 
{(-1.93)} 38...cxb4 {(+2.30)} 39.axb4 ( 39.Rxd7+ Ke6 40.Rd1 bxa3 41.Ra1 a2 
42.Ke2 Ra3 {usw.} ) 39...Ne5 40.c5 Ra1+ {Das sollte für London eine klare Sache
sein.} 41.Ke2 Rb1 42.Rd4 Rb3 43.Kf2 Kg6 44.Kg2 Kg5 45.Kf2 Nd3+ 46.Kg2 Nxb4 
47.Rd7 Rc3 48.Rxg7+ Kf5 49.Rh7 Kg6 50.Rc7 Na6 51.Rc8 Nxc5 52.Kf1 Ne4 53.Rxc3 
{Das war's endgültig.} 53...Nxc3 54.Kf2 Kg5 55.Kf3 h4 56.gxh4+ Kxh4 57.Kf4 Kxh3 
58.Kf5 Nd5 59.Ke6 Kg3 60.Kxd5 f5 {Zeitkontrolle und Schluss.} 0-1